[Event "SRB-ch sf"]
[Site "Paracin"]
[Date "2024.02.09"]
[Round "7"]
[White "Jocev, Milan"]
[Black "Ciric, Pavle"]
[Result "0-1"]
[WhiteElo "2303"]
[BlackElo "2061"]
[PlyCount "80"]
[EventDate "2024.02.05"]
[EventType "swiss"]
[EventRounds "9"]
[EventCountry "SRB"]
[SourceTitle "CB07_2024"]
[SourceDate "2024.02.14"]
[SourceVersion "1"]
[SourceVersionDate "2024.02.14"]
[SourceQuality "1"]

1. d4 d5 2. c4 dxc4 3. Nf3 Nf6 4. Nc3 a6 5. a4 Nc6 6. d5 Na5 7. e4 e6 8. Bg5 Be7 9. Be2 Nxd5 10. Bxe7 Nxe7 11. Qc2 Nec6 12. Rd1 Qe7 13. 0-0 0-0 14. e5 b6 15. Ne4 h6 16. Qd2 Bb7 17. Qf4 Rfd8 18. g4 Nb4 19. g5 Bxe4 20. Qxe4 hxg5 21. Kh1 f5 22. exf6 Qxf6 23. Rg1 Qf5 24. Qe3 Rxd1 25. Rxd1 Nd5 26. Qxg5 Qxg5 27. Nxg5 c3 28. bxc3 Nxc3 29. Re1 Nxe2 30. Rxe2 Re8 31. Rd2 b5 32. axb5 axb5 33. Ra2 Nb3 34. Ra7 c5 35. Rc7 c4 36. h4 Nd2 37. h5 b4 38. f3 b3 39. h6 gxh6 40. Nh7 Rf8 0-1

[Event "Skopje op"]
[Site "Skopje"]
[Date "2023.12.06"]
[Round "1"]
[White "Papaioannou, Dimitrios1"]
[Black "Ciric, Pavle"]
[Result "0-1"]
[WhiteElo "1938"]
[BlackElo "2104"]
[PlyCount "82"]
[EventDate "2023.12.06"]
[EventType "swiss"]
[EventRounds "9"]
[EventCountry "MKD"]
[SourceTitle "CB50_2023"]
[SourceDate "2023.12.13"]
[SourceVersion "1"]
[SourceVersionDate "2023.12.13"]
[SourceQuality "1"]

1. e4 e6 2. d4 d5 3. Nd2 c5 4. Ngf3 cxd4 5. Nxd4 Nc6 6. Bb5 Bd7 7. Nxc6 bxc6 8. Bd3 Bd6 9. Qe2 e5 10. exd5 cxd5 11. c4 Ne7 12. cxd5 Nxd5 13. Nc4 Bb4+ 14. Bd2 0-0 15. Bxh7+ Kxh7 16. Qe4+ Kg8 17. Qxd5 Bxd2+ 18. Qxd2 Bb5 19. Nd6 Ba6 20. 0-0-0 Qb6 21. h4 Rad8 22. Rh3 e4 23. Rb3 Qc5+ 24. Rc3 Qe5 25. Qg5 f5 26. Qg3 Qf6 27. Rc7 Bd3 28. Nb7 Rc8 29. Nc5 f4 30. Qxg7+ Qxg7 31. Rxg7+ Kxg7 32. b4 a5 33. Kb2 Rfe8 34. a3 Kf6 35. Kc3 Rg8 36. Rg1 axb4+ 37. axb4 Ra8 38. f3 Rg3 39. Nxd3 Ra3+ 40. Kd4 exd3 41. Ke4 d2 0-1

[Event "Wch U16"]
[Site "Montesilvano"]
[Date "2023.11.24"]
[Round "11"]
[White "Smeets, Kobe"]
[Black "Ciric, Pavle"]
[Result "1-0"]
[WhiteElo "2266"]
[BlackElo "2080"]
[PlyCount "59"]
[EventDate "2023.11.13"]
[EventType "swiss"]
[EventRounds "11"]
[EventCountry "ITA"]
[SourceTitle "CB48_2023"]
[SourceDate "2023.11.29"]
[SourceVersion "1"]
[SourceVersionDate "2023.11.29"]
[SourceQuality "1"]

1. e4 e6 2. d4 d5 3. Nd2 c5 4. Ngf3 cxd4 5. Nxd4 Nc6 6. Bb5 Bd7 7. Nxc6 bxc6 8. Bd3 Bd6 9. Qe2 e5 10. 0-0 Ne7 11. c4 d4 12. c5 Bxc5 13. Qh5 Ng6 14. f4 Qe7 15. g3 exf4 16. gxf4 Bd6 17. Nc4 Bc7 18. Bd2 Rb8 19. Rae1 0-0 20. e5 f5 21. exf6 Qxf6 22. f5 Nh8 23. Bg5 Qf7 24. Qh4 Rfe8 25. Nd2 Rb5 26. Rxe8+ Bxe8 27. Bxb5 cxb5 28. Ne4 Bc6 29. Bd8 Be5 30. Ng5 1-0

[Event "Wch U16"]
[Site "Montesilvano"]
[Date "2023.11.21"]
[Round "8"]
[White "Ciric, Pavle"]
[Black "Karsten, Jan"]
[Result "0-1"]
[WhiteElo "2080"]
[BlackElo "2306"]
[PlyCount "124"]
[EventDate "2023.11.13"]
[EventType "swiss"]
[EventRounds "11"]
[EventCountry "ITA"]
[SourceTitle "CB48_2023"]
[SourceDate "2023.11.29"]
[SourceVersion "1"]
[SourceVersionDate "2023.11.29"]
[SourceQuality "1"]

1. e4 e5 2. Nf3 Nc6 3. Bb5 a6 4. Ba4 Nf6 5. 0-0 b5 6. Bb3 Bc5 7. a4 Rb8 8. axb5 axb5 9. Nxe5 Nxe5 10. d4 Bxd4 11. Qxd4 d6 12. f4 Nc6 13. Qc3 Ne7 14. Ra7 c5 15. e5 Nfd5 16. Bxd5 Nxd5 17. Qg3 0-0 18. f5 dxe5 19. Nc3 Nf6 20. Be3 Qb6 21. Raa1 Bb7 22. b4 Qc6 23. Bxc5 Rfe8 24. Rad1 Rbd8 25. Qf2 Nh5 26. Qf3 Nf4 27. Qxc6 Bxc6 28. Rf2 Rxd1+ 29. Nxd1 Rd8 30. Ne3 f6 31. Kf1 Kf7 32. Ke1 h5 33. h4 Rd7 34. Kf1 Be4 35. g3 Nd5 36. Nxd5 Rxd5 37. Ke1 Rd8 38. Bb6 Ra8 39. Rd2 Bxf5 40. Rd5 Bxc2 41. Ba5 Rb8 42. Kd2 Bb3 43. Rd7+ Kg6 44. Ke3 Rc8 45. Bc7 Rg8 46. Ke4 Bc2+ 47. Ke3 Kf5 48. Rd5 Ba4 49. Rd6 Bb3 50. Bd8 Be6 51. Rd1 Rf8 52. Rd6 Rf7 53. Bb6 Rd7 54. Rc6 Bc4 55. Rc7 Rd3+ 56. Kf2 g6 57. Rc6 Rd2+ 58. Kg1 Kg4 59. Rxf6 Kh3 60. Rxg6 Rg2+ 61. Kh1 Bd5 62. Rd6 Be4 0-1

[Event "Wch U16"]
[Site "Montesilvano"]
[Date "2023.11.20"]
[Round "7"]
[White "Paseka, Matyas"]
[Black "Ciric, Pavle"]
[Result "1-0"]
[WhiteElo "2250"]
[BlackElo "2080"]
[PlyCount "85"]
[EventDate "2023.11.13"]
[EventType "swiss"]
[EventRounds "11"]
[EventCountry "ITA"]
[SourceTitle "CB48_2023"]
[SourceDate "2023.11.29"]
[SourceVersion "1"]
[SourceVersionDate "2023.11.29"]
[SourceQuality "1"]

1. e4 c5 2. Nf3 d6 3. d4 cxd4 4. Nxd4 Nf6 5. Nc3 a6 6. Be3 e5 7. Nb3 Be6 8. f3 h5 9. Qd2 Nbd7 10. 0-0-0 Qc7 11. Kb1 Be7 12. h3 b5 13. a3 Nb6 14. Qf2 Nc4 15. Bxc4 bxc4 16. Bb6 Qc8 17. Na5 Nd7 18. Nd5 Bxd5 19. exd5 0-0 20. Nc6 Bf6 21. Ba5 Qb7 22. Bb4 Rfe8 23. Qe2 Nb6 24. Qe4 Rec8 25. Ka2 Nxd5 26. Rxd5 Qxc6 27. Rxd6 Qxe4 28. fxe4 Be7 29. Rd5 Bxb4 30. axb4 c3 31. b3 Rab8 32. Ka3 Rb5 33. Rhd1 Kh7 34. Ka4 Rb6 35. Rxe5 Rcb8 36. Rd4 Kh6 37. g4 hxg4 38. hxg4 Rb5 39. Rc5 Rxc5 40. bxc5 Kg5 41. e5 f5 42. exf6 Kxf6 43. c6 1-0

[Event "Wch U16"]
[Site "Montesilvano"]
[Date "2023.11.13"]
[Round "1"]
[White "Deuer, Marius"]
[Black "Ciric, Pavle"]
[Result "1-0"]
[WhiteElo "2453"]
[BlackElo "2080"]
[PlyCount "109"]
[EventDate "2023.11.13"]
[EventType "swiss"]
[EventRounds "11"]
[EventCountry "ITA"]
[SourceTitle "CB48_2023"]
[SourceDate "2023.11.29"]
[SourceVersion "1"]
[SourceVersionDate "2023.11.29"]
[SourceQuality "1"]

1. d4 d5 2. c4 dxc4 3. Nf3 Nf6 4. e3 Bg4 5. Bxc4 e6 6. Nc3 a6 7. h3 Bh5 8. g4 Bg6 9. Ne5 c6 10. Nxg6 hxg6 11. Bf1 Nbd7 12. Bg2 Bd6 13. Qe2 Nd5 14. Bd2 Qe7 15. a3 Nxc3 16. Bxc3 Nf6 17. e4 e5 18. 0-0-0 0-0 19. Qe3 Rfe8 20. Rhe1 Nd7 21. Kb1 Rab8 22. dxe5 Bxe5 23. Bxe5 Nxe5 24. f4 Nc4 25. Qc3 b5 26. Bf1 g5 27. Bxc4 bxc4 28. fxg5 Rb3 29. Qxc4 Reb8 30. Re2 Qxg5 31. Ka2 Qe5 32. Rdd2 Rxh3 33. Qxc6 Rh6 34. Qd5 Qe7 35. e5 Rb5 36. Qd8+ Qxd8 37. Rxd8+ Kh7 38. Re8 Rh4 39. Re7 Kg8 40. Re8+ Kh7 41. Re7 Kg6 42. e6 fxe6 43. R7xe6+ Kg5 44. Rxa6 Rxg4 45. b4 Kf5 46. Kb3 g5 47. Ka4 Rd5 48. Ra5 Rgd4 49. Rxd5+ Rxd5 50. b5 g4 51. b6 Rd4+ 52. Kb5 Rd3 53. Rb2 g3 54. b7 Rd8 55. Kc6 1-0

[Event "EU-ch U16 31st"]
[Site "Mamaia"]
[Date "2023.09.06"]
[Round "2"]
[White "Kvaloy, Aksel Bu"]
[Black "Ciric, Pavle"]
[Result "1-0"]
[WhiteElo "2469"]
[BlackElo "2190"]
[PlyCount "157"]
[EventDate "2023.09.05"]
[EventType "swiss"]
[EventRounds "9"]
[EventCountry "ROU"]
[SourceTitle "EXT 2024"]
[Source "ChessBase"]
[SourceDate "2023.10.10"]
[SourceVersion "1"]
[SourceVersionDate "2023.10.10"]
[SourceQuality "1"]

1. e4 e6 2. d4 d5 3. Nc3 Nf6 4. e5 Nfd7 5. f4 c5 6. Nf3 Nc6 7. Be3 Rb8 8. Qd2 Qa5 9. Be2 b5 10. 0-0 b4 11. Nd1 Be7 12. Nf2 Ba6 13. Bxa6 Qxa6 14. f5 exf5 15. dxc5 Nxc5 16. Bxc5 Bxc5 17. Rae1 0-0 18. e6 Qxa2 19. b3 Qa5 20. exf7+ Rxf7 21. Re6 Bxf2+ 22. Rxf2 Qc5 23. Kh1 Re7 24. Rxe7 Nxe7 25. Nd4 Qc3 26. Qf4 Rf8 27. Rf1 Ng6 28. Qf2 f4 29. Re1 a6 30. Nf3 h6 31. h3 Rc8 32. Re2 Rc7 33. Qb6 Kh7 34. Qxa6 Re7 35. Rxe7 Nxe7 36. Qe6 Qe3 37. Ne5 Qe1+ 38. Kh2 Qg3+ 39. Kh1 Qe1+ 40. Kh2 Qg3+ 41. Kh1 Qg5 42. Nf3 Qf6 43. Qxf6 gxf6 44. Ne1 Nc6 45. Nd3 Kg7 46. Kg1 f5 47. Kf2 Kf6 48. Nxf4 Ke5 49. Ke3 d4+ 50. Kf3 Kf6 51. g3 Ne7 52. Ke2 Nc6 53. Kd3 Ke5 54. Kc4 Ke4 55. Kc5 Ne5 56. Kxb4 Kf3 57. Nh5 d3 58. cxd3 Nxd3+ 59. Kc4 Ne5+ 60. Kd5 Nd3 61. Kd4 Nb4 62. Ke5 Kg2 63. h4 Nc6+ 64. Kf4 Kh3 65. Ng7 Nd4 66. Nxf5 Nxb3 67. Nxh6 Nd4 68. Nf5 Ne6+ 69. Kf3 Nf8 70. h5 Ne6 71. h6 Ng5+ 72. Kf4 Ne6+ 73. Kf3 Ng5+ 74. Kf4 Ne6+ 75. Ke5 Ng5 76. Kf6 Kg4 77. Ne3+ Kh5 78. g4+ Kh4 79. Kg6 1-0

[Event "Veliko Gradiste Silver Lake op-A"]
[Site "Veliko Gradiste"]
[Date "2023.06.20"]
[Round "4"]
[White "Ciric, Pavle"]
[Black "Shahil, Dey"]
[Result "0-1"]
[WhiteElo "2117"]
[BlackElo "2316"]
[PlyCount "130"]
[EventDate "2023.06.18"]
[EventType "swiss"]
[EventRounds "9"]
[EventCountry "SRB"]
[SourceTitle "CBM 215 Extra"]
[Source "ChessBase"]
[SourceDate "2023.09.30"]
[SourceVersion "1"]
[SourceVersionDate "2023.09.30"]
[SourceQuality "1"]

1. Nf3 Nf6 2. g3 b5 3. Bg2 Bb7 4. Na3 b4 5. Nc4 e6 6. 0-0 Be7 7. a3 a5 8. axb4 axb4 9. Rxa8 Bxa8 10. c3 0-0 11. d3 Nc6 12. Bd2 d5 13. Nce5 Nxe5 14. Nxe5 Bd6 15. Nf3 bxc3 16. bxc3 e5 17. Qa4 c5 18. Bg5 h6 19. Bxf6 Qxf6 20. Nd2 e4 21. dxe4 Qxc3 22. Nb1 Qe5 23. exd5 Bxd5 24. Bxd5 Qxd5 25. Rd1 Qe5 26. Na3 Be7 27. Qc2 Rb8 28. Nc4 Qe6 29. Ra1 h5 30. Ne3 g6 31. Qc4 Qxc4 32. Nxc4 Rb4 33. Rc1 Kg7 34. Rc2 Kf6 35. Kg2 Ke6 36. e4 Bf6 37. h4 Bd4 38. Kf3 Kd7 39. Ke2 Kc6 40. Kd3 f6 41. Ke2 Kb5 42. Nd6+ Kc6 43. Nc4 g5 44. Nd2 g4 45. Nc4 Ra4 46. Kd3 Ra1 47. Ke2 Kb5 48. Ne3 Kb4 49. Nc4 Bc3 50. Ne3 Kb3 51. Kd3 Bd4 52. Nc4 Kb4 53. Ke2 Rh1 54. Ne3 Kb3 55. Rd2 Bc3 56. Rd1 Rxd1 57. Nxd1 Bd4 58. Kd3 Kb4 59. Kd2 c4 60. Kc2 Kc5 61. Kd2 Kb5 62. Kc2 Kb4 63. Kd2 Kb3 64. Ke2 Kc2 65. Ke1 Kd3 0-1

[Event "EU-ch 23rd"]
[Site "Vrnjacka Banja"]
[Date "2023.03.12"]
[Round "10"]
[White "Ciric, Pavle"]
[Black "Eric, Jovana"]
[Result "1/2-1/2"]
[WhiteElo "2037"]
[BlackElo "2230"]
[PlyCount "69"]
[EventDate "2023.03.03"]
[EventType "swiss"]
[EventRounds "11"]
[EventCountry "SRB"]
[SourceTitle "CBM 213"]
[Source "ChessBase"]
[SourceDate "2023.04.30"]
[SourceVersion "1"]
[SourceVersionDate "2023.04.30"]
[SourceQuality "1"]

1. Nf3 Nf6 2. g3 d5 3. Bg2 c6 4. c4 g6 5. 0-0 Bg7 6. cxd5 cxd5 7. d4 0-0 8. Nc3 Nc6 9. Ne5 e6 10. Nxc6 bxc6 11. Bf4 Nh5 12. Be3 Re8 13. Na4 e5 14. dxe5 Bxe5 15. Bd4 Ba6 16. Bxe5 Rxe5 17. Re1 Qe7 18. Qd4 Ng7 19. e3 Re8 20. Red1 Bb5 21. Nc5 Nf5 22. Qc3 Be2 23. Rd2 Bb5 24. h3 Nxe3 25. fxe3 Rxe3 26. Qd4 Rxg3 27. Rf2 Re3 28. b4 Bc4 29. Qf6 Qc7 30. Qf4 Qe7 31. Bf1 Bxf1 32. Raxf1 f5 33. Rf3 Re2 34. R3f2 Re3 35. Rf3 1/2-1/2

[Event "EU-ch 23rd"]
[Site "Vrnjacka Banja"]
[Date "2023.03.07"]
[Round "5"]
[White "Bashirov, Kemal"]
[Black "Ciric, Pavle"]
[Result "1-0"]
[WhiteElo "2188"]
[BlackElo "2037"]
[PlyCount "91"]
[EventDate "2023.03.03"]
[EventType "swiss"]
[EventRounds "11"]
[EventCountry "SRB"]
[SourceTitle "CBM 213"]
[Source "ChessBase"]
[SourceDate "2023.04.30"]
[SourceVersion "1"]
[SourceVersionDate "2023.04.30"]
[SourceQuality "1"]

1. e4 e6 2. d4 d5 3. Nc3 Nf6 4. e5 Nfd7 5. f4 c5 6. Nf3 Nc6 7. Be3 Be7 8. a3 0-0 9. dxc5 Nxc5 10. Qd2 Qa5 11. Bb5 Qc7 12. 0-0 a6 13. Be2 b5 14. f5 Ne4 15. Nxe4 dxe4 16. f6 exf3 17. fxe7 Nxe7 18. Bxf3 Bb7 19. Qd6 Qxd6 20. exd6 Nd5 21. Bc5 a5 22. b4 a4 23. Rfd1 f6 24. Rac1 Kf7 25. c4 bxc4 26. Rxc4 Bc6 27. Bf2 Bb5 28. Rc5 Rab8 29. Bxd5 exd5 30. Rdxd5 Bd7 31. Rc7 Rbc8 32. Bg3 Ke6 33. Rdc5 Rxc7 34. dxc7 Bc8 35. b5 Bb7 36. Rc4 Ra8 37. Rd4 Ke7 38. Rd6 Be4 39. Rb6 Rc8 40. Rb8 Kd7 41. b6 Bc6 42. b7 Rxc7 43. Rd8+ Kxd8 44. b8Q+ Rc8 45. Qd6+ Bd7 46. Qf8+ 1-0

[Event "Paracin Prestige op"]
[Site "Paracin"]
[Date "2023.01.19"]
[Round "4"]
[White "Brankovic, Dejan"]
[Black "Ciric, Pavle"]
[Result "1-0"]
[WhiteElo "2290"]
[BlackElo "2152"]
[PlyCount "59"]
[EventDate "2023.01.17"]
[EventType "swiss"]
[EventRounds "9"]
[EventCountry "SRB"]
[SourceTitle "CBM 212 Extra"]
[Source "ChessBase"]
[SourceDate "2023.03.31"]
[SourceVersion "1"]
[SourceVersionDate "2023.03.31"]
[SourceQuality "1"]

1. g3 d5 2. Bg2 Nf6 3. Nf3 c5 4. 0-0 e6 5. c4 d4 6. e3 Nc6 7. exd4 cxd4 8. d3 Bd6 9. Na3 0-0 10. Nc2 e5 11. Re1 Re8 12. b4 Nxb4 13. Nxb4 Bxb4 14. Rxe5 Rxe5 15. Nxe5 Qe7 16. Rb1 a5 17. Nf3 Bg4 18. h3 Bxf3 19. Bxf3 Ra6 20. Bd2 Re6 21. Bxb4 axb4 22. Qd2 Rb6 23. Qf4 Qd7 24. Qb8+ Qe8 25. Qc7 Ra6 26. Qxb7 Rxa2 27. Qxb4 Nd7 28. Qd6 Ne5 29. Be4 f5 30. Rb8 1-0

[Event "Paracin op-A 15th"]
[Site "Paracin"]
[Date "2022.07.08"]
[Round "1"]
[White "Nogerbek, Kazybek"]
[Black "Ciric, Pavle"]
[Result "1-0"]
[WhiteElo "2437"]
[BlackElo "2155"]
[PlyCount "65"]
[EventDate "2022.07.08"]
[EventType "swiss"]
[EventRounds "9"]
[EventCountry "SRB"]
[SourceTitle "CBM 209 Extra"]
[Source "ChessBase"]
[SourceDate "2022.09.30"]
[SourceVersion "1"]
[SourceVersionDate "2022.09.30"]
[SourceQuality "1"]

1. c4 e5 2. Nc3 Nf6 3. Nf3 Nc6 4. e4 d6 5. h3 Be7 6. d4 0-0 7. d5 Nb8 8. Be3 c5 9. g4 Na6 10. Rg1 Nc7 11. Nd2 a6 12. a4 Nfe8 13. g5 f5 14. exf5 Bxf5 15. a5 Rb8 16. h4 b5 17. axb6 Rxb6 18. b3 Kh8 19. h5 g6 20. h6 a5 21. Rxa5 Ra6 22. Qa1 Qa8 23. Rxa6 Nxa6 24. Nce4 Nec7 25. Qb2 Nb4 26. Bxc5 Ncxd5 27. cxd5 Qxd5 28. Bxb4 Bxe4 29. Bc4 Qb7 30. Bc3 Rf5 31. Be6 Rxf2 32. Kxf2 Qb6+ 33. Bd4 1-0

[Event "Novi Sad Serbia op-A"]
[Site "Novi Sad"]
[Date "2022.07.03"]
[Round "6"]
[White "Ciric, Pavle"]
[Black "Blagojevic, Tijana"]
[Result "1/2-1/2"]
[WhiteElo "2177"]
[BlackElo "2330"]
[PlyCount "40"]
[EventDate "2022.06.28"]
[EventType "swiss"]
[EventRounds "9"]
[EventCountry "SRB"]
[SourceTitle "EXT 2023"]
[Source "ChessBase"]
[SourceDate "2022.10.05"]
[SourceVersion "1"]
[SourceVersionDate "2022.10.05"]
[SourceQuality "1"]

1. e4 c5 2. Nf3 d6 3. Bb5+ Nd7 4. 0-0 a6 5. Bd3 Ngf6 6. c3 b5 7. a4 Bb7 8. axb5 axb5 9. Rxa8 Qxa8 10. Bxb5 Bxe4 11. d4 Bxb1 12. dxc5 Be4 13. cxd6 Bxf3 14. gxf3 exd6 15. Re1+ Kd8 16. Bf4 Nd5 17. Bg3 Nc7 18. Bc4 f6 19. Bxd6 Qc6 20. Bxc7+ Qxc7 1/2-1/2

[Event "Novi Sad Serbia op-A"]
[Site "Novi Sad"]
[Date "2022.06.28"]
[Round "1"]
[White "Perunovic, Miodrag"]
[Black "Ciric, Pavle"]
[Result "1-0"]
[WhiteElo "2413"]
[BlackElo "2177"]
[PlyCount "83"]
[EventDate "2022.06.28"]
[EventType "swiss"]
[EventRounds "9"]
[EventCountry "SRB"]
[SourceTitle "EXT 2023"]
[Source "ChessBase"]
[SourceDate "2022.10.05"]
[SourceVersion "1"]
[SourceVersionDate "2022.10.05"]
[SourceQuality "1"]

1. e4 e6 2. d4 d5 3. Nc3 Nf6 4. e5 Nfd7 5. Qh5 c5 6. Nf3 Be7 7. dxc5 Nxc5 8. Qg4 g6 9. Bh6 Nc6 10. 0-0-0 Bd7 11. Qf4 Qa5 12. Kb1 Qb4 13. Qxb4 Nxb4 14. Nb5 Bxb5 15. Bxb5+ Nc6 16. c4 a6 17. cxd5 exd5 18. Be2 0-0-0 19. Ng5 Bxg5 20. Bxg5 Rd7 21. Bg4 Ne6 22. Bf6 Re8 23. h4 h5 24. Bh3 Kb8 25. Rd2 d4 26. g4 hxg4 27. Bxg4 Rd5 28. Re1 Nf4 29. Bg5 Ne6 30. Bxe6 Rxe6 31. f4 Re8 32. Bf6 Kc7 33. Kc2 Kd7 34. Kd3 Ke6 35. Ke4 Rc8 36. Red1 Rb5 37. b3 Rc5 38. h5 gxh5 39. Rxd4 Nxd4 40. Rxd4 Rxe5+ 41. fxe5 Rc6 42. Kf4 1-0

[Event "Gligoric Cup 8th"]
[Site "Paracin"]
[Date "2022.06.03"]
[Round "5.2"]
[White "Popovic, Milan S"]
[Black "Ciric, Pavle"]
[Result "1-0"]
[WhiteElo "2383"]
[BlackElo "2177"]
[PlyCount "61"]
[EventDate "2022.05.31"]
[EventType "team-swiss"]
[EventRounds "5"]
[EventCountry "SRB"]
[SourceTitle "CBM 208 Extra"]
[Source "ChessBase"]
[SourceDate "2022.07.31"]
[SourceVersion "1"]
[SourceVersionDate "2022.07.31"]
[SourceQuality "1"]
[WhiteTeam "Novi Sad"]
[BlackTeam "Kostolac Rudar"]
[WhiteTeamCountry "SRB"]
[BlackTeamCountry "SRB"]

1. e4 e6 2. d4 d5 3. Nc3 Nf6 4. e5 Nfd7 5. f4 c5 6. Nf3 Nc6 7. Be3 Qb6 8. Na4 Qa5+ 9. c3 cxd4 10. b4 Nxb4 11. cxb4 Bxb4+ 12. Bd2 Bxd2+ 13. Nxd2 0-0 14. Bd3 b5 15. Nb2 Nb6 16. 0-0 Nc4 17. Nbxc4 bxc4 18. Bxh7+ Kxh7 19. Qh5+ Kg8 20. Nf3 g6 21. Qh6 Qc7 22. f5 exf5 23. Rae1 Qd7 24. Ng5 f6 25. Ne6 Qf7 26. Nxf8 Qg7 27. Qh4 fxe5 28. Nxg6 Qxg6 29. Qd8+ Kh7 30. Rxe5 Bb7 31. Qc7+ 1-0

[Event "Paracin op 01"]
[Site "Paracin"]
[Date "2022.01.21"]
[Round "7"]
[White "Ciric, Pavle"]
[Black "Khalifah, Khaled"]
[Result "1/2-1/2"]
[WhiteElo "2120"]
[BlackElo "1909"]
[PlyCount "59"]
[EventDate "2022.01.17"]
[EventType "swiss"]
[EventRounds "9"]
[EventCountry "SRB"]
[SourceTitle "CBM 206 Extra"]
[Source "ChessBase"]
[SourceDate "2022.03.31"]
[SourceVersion "1"]
[SourceVersionDate "2022.03.31"]
[SourceQuality "1"]

1. e4 c5 2. Nf3 Nc6 3. Bb5 e6 4. 0-0 Nge7 5. c3 a6 6. Be2 Ng6 7. d4 cxd4 8. cxd4 Bd6 9. Nc3 0-0 10. Re1 b5 11. Bd3 Bb7 12. e5 Bb8 13. Ne4 Nb4 14. Bg5 Qb6 15. h4 h6 16. h5 hxg5 17. hxg6 g4 18. gxf7+ Rxf7 19. Nfg5 Qxd4 20. Nxf7 Nxd3 21. Qxg4 Bxe4 22. Nh6+ Kh7 23. Qh4 gxh6 24. Rxe4 Qc5 25. b4 Qf8 26. Rd1 Nxe5 27. Rxe5 Bxe5 28. Qe4+ Kg8 29. Qxe5 Rd8 30. Rd4 1/2-1/2

[Event "Paracin op 01"]
[Site "Paracin"]
[Date "2022.01.18"]
[Round "3"]
[White "Ciric, Pavle"]
[Black "Talgatov, Nazar"]
[Result "1-0"]
[WhiteElo "2120"]
[BlackElo "1624"]
[PlyCount "39"]
[EventDate "2022.01.17"]
[EventType "swiss"]
[EventRounds "9"]
[EventCountry "SRB"]
[SourceTitle "CBM 206 Extra"]
[Source "ChessBase"]
[SourceDate "2022.03.31"]
[SourceVersion "1"]
[SourceVersionDate "2022.03.31"]
[SourceQuality "1"]

1. e4 e6 2. d4 d5 3. exd5 exd5 4. Nf3 Nc6 5. Bd3 Bg4 6. c3 Bd6 7. h3 Bh5 8. 0-0 Nge7 9. Re1 f6 10. Nbd2 Qd7 11. b4 0-0-0 12. b5 Nb8 13. c4 g5 14. Nb3 g4 15. Nh4 Bg6 16. c5 gxh3 17. cxd6 Qxd6 18. Qg4+ Nd7 19. Qxh3 Kb8 20. Re6 1-0

[Event "Paracin Summer op 14th"]
[Site "Paracin"]
[Date "2021.07.12"]
[Round "4"]
[White "Ciric, Pavle"]
[Black "Samadov, Read"]
[Result "0-1"]
[WhiteElo "2078"]
[BlackElo "2332"]
[PlyCount "94"]
[EventDate "2021.07.09"]
[EventType "swiss"]
[EventRounds "9"]
[EventCountry "SRB"]
[SourceTitle "EXT 2022"]
[Source "ChessBase"]
[SourceDate "2021.10.06"]
[SourceVersion "1"]
[SourceVersionDate "2021.10.06"]
[SourceQuality "1"]

1. e4 c5 2. Nf3 d6 3. d4 cxd4 4. Qxd4 Nc6 5. Bb5 a6 6. Bxc6+ bxc6 7. c4 e5 8. Qd3 Ne7 9. Nc3 Ng6 10. Bg5 f6 11. Be3 Be7 12. Rd1 Be6 13. c5 dxc5 14. Qc2 Qa5 15. 0-0 Rb8 16. Na4 c4 17. Nd2 Rb4 18. Nc3 0-0 19. a3 Rb7 20. Na4 Qb5 21. Rb1 Nf4 22. Nc3 Qa5 23. Bxf4 exf4 24. Ne2 Qe5 25. Nxc4 Qg5 26. b4 f3 27. Ng3 h5 28. Ne3 Rc8 29. Ngf5 fxg2 30. Nxg2 Bf8 31. f4 Qg6 32. Nfh4 Qe8 33. f5 Bf7 34. Nf4 c5 35. Rbc1 Rbc7 36. Nfg6 Bd6 37. Rfd1 cxb4 38. Qd2 Rxc1 39. Qxd6 Rxd1+ 40. Qxd1 Qxe4 41. axb4 Bxg6 42. Nxg6 Re8 43. Qxh5 Qe1+ 44. Kg2 Re2+ 45. Kh3 Qf1+ 46. Kg3 Rg2+ 47. Kh3 Rg5+ 0-1

[Event "Paracin Summer op 14th"]
[Site "Paracin"]
[Date "2021.07.09"]
[Round "1"]
[White "Ramoutar, Alan Safar"]
[Black "Ciric, Pavle"]
[Result "1-0"]
[WhiteElo "2344"]
[BlackElo "2078"]
[PlyCount "87"]
[EventDate "2021.07.09"]
[EventType "swiss"]
[EventRounds "9"]
[EventCountry "SRB"]
[SourceTitle "EXT 2022"]
[Source "ChessBase"]
[SourceDate "2021.10.06"]
[SourceVersion "1"]
[SourceVersionDate "2021.10.06"]
[SourceQuality "1"]

1. e4 e6 2. d4 d5 3. e5 c5 4. c3 Nc6 5. Nf3 Bd7 6. Be2 cxd4 7. cxd4 Bb4+ 8. Nc3 Rc8 9. 0-0 Nge7 10. a3 Bxc3 11. bxc3 Na5 12. Qc2 Qc7 13. Bd2 Nc4 14. Rfc1 h6 15. Be1 0-0 16. Nd2 Bb5 17. Bg4 Nxd2 18. Qxd2 Nc6 19. Qb2 Bd3 20. Rd1 Be4 21. f3 Bg6 22. Rac1 Na5 23. f4 Nc4 24. Qe2 a6 25. a4 Qc6 26. Ra1 Nb6 27. a5 Nc4 28. Bh3 Qc7 29. g4 Be4 30. f5 exf5 31. gxf5 Qd7 32. Qh5 Ne3 33. f6 Bf5 34. Rd3 Bxh3 35. Rxe3 Bf5 36. Rg3 Bg6 37. Qh4 Qf5 38. fxg7 Kxg7 39. Bd2 Rh8 40. Rf1 Qe6 41. Rf6 Qe8 42. e6 fxe6 43. Rfxg6+ Qxg6 44. Qe7+ 1-0

[Event "SRB-ch sf"]
[Site "Paracin"]
[Date "2021.03.21"]
[Round "8"]
[White "Dimitrijevic, Ivan"]
[Black "Ciric, Pavle"]
[Result "0-1"]
[WhiteElo "2103"]
[BlackElo "1986"]
[PlyCount "136"]
[EventDate "2021.03.16"]
[EventType "swiss"]
[EventRounds "9"]
[EventCountry "SRB"]
[SourceTitle "CBM 201 Extra"]
[Source "ChessBase"]
[SourceDate "2021.05.31"]
[SourceVersion "1"]
[SourceVersionDate "2021.05.31"]
[SourceQuality "1"]

1. e4 e6 2. d4 d5 3. exd5 exd5 4. Bd3 Nc6 5. Ne2 Nb4 6. 0-0 Nxd3 7. Qxd3 Bd6 8. Bf4 Ne7 9. Bxd6 Qxd6 10. Nd2 0-0 11. c3 Bf5 12. Qg3 Qb6 13. b3 Ng6 14. Rfe1 Rfe8 15. h4 Qa6 16. c4 Qa5 17. Nf1 dxc4 18. h5 Bd3 19. hxg6 Rxe2 20. gxf7+ Kf8 21. Rxe2 Bxe2 22. Qe3 Bh5 23. bxc4 Bxf7 24. d5 Re8 25. Qd4 Bg6 26. Ng3 Kg8 27. f4 Qa3 28. Kf2 h5 29. Qd2 Qc5+ 30. Kf1 Qxc4+ 31. Kg1 h4 32. Nh1 Re2 33. Qd1 Bh5 34. Nf2 Qxf4 35. Qf1 Qe5 36. Nh3 Qxd5 37. Kh1 Re8 38. Qf2 Qe4 39. Rc1 Rf8 40. Qc5 Bg4 41. Nf2 Qe2 42. Rc2 Qe1+ 43. Kh2 Be6 44. Qd4 Rf6 45. Ne4 Rf7 46. Qe5 Qd1 47. Rd2 Qg4 48. Ng5 Qg3+ 49. Qxg3 hxg3+ 50. Kxg3 Rd7 51. Re2 Bf7 52. Nf3 Bh5 53. Rb2 Bxf3 54. gxf3 c5 55. Kf4 Kf7 56. Ke5 c4 57. a4 c3 58. Rc2 Rc7 59. Kd6 Rc6+ 60. Kd5 Kf6 61. Ke4 g5 62. Kd4 Kf5 63. Ke3 Ke5 64. Kd3 Kf4 65. Ke2 b6 66. Kf2 a6 67. Ke2 b5 68. axb5 axb5 0-1

[Event "SRB-ch sf"]
[Site "Paracin"]
[Date "2021.03.20"]
[Round "7"]
[White "Ciric, Pavle"]
[Black "Ivic, Matija"]
[Result "0-1"]
[WhiteElo "1986"]
[BlackElo "2186"]
[PlyCount "57"]
[EventDate "2021.03.16"]
[EventType "swiss"]
[EventRounds "9"]
[EventCountry "SRB"]
[SourceTitle "CBM 201 Extra"]
[Source "ChessBase"]
[SourceDate "2021.05.31"]
[SourceVersion "1"]
[SourceVersionDate "2021.05.31"]
[SourceQuality "1"]

1. e4 e6 2. d4 d5 3. Nd2 c5 4. Ngf3 cxd4 5. exd5 Qxd5 6. Bc4 Qd6 7. 0-0 Nf6 8. Nb3 a6 9. Nbxd4 Qc7 10. Bb3 Bd7 11. Bg5 Nc6 12. c3 0-0-0 13. Qe2 Bd6 14. Bc2 h6 15. Bxf6 gxf6 16. b4 Rhg8 17. b5 Nxd4 18. cxd4 Bxb5 19. Bd3 Bc6 20. Rfc1 Bxh2+ 21. Kh1 Bf4 22. Rc2 f5 23. Bxa6 bxa6 24. Qxa6+ Kd7 25. d5 exd5 26. Qd3 Qd6 27. Qxf5+ Ke7 28. Re1+ Kf8 29. Nh4 0-1